The right way : (Record no. 340024)
[ view plain ]
| 000 -LEADER | |
|---|---|
| fixed length control field | 00720nam a2200265Ia 4500 |
| 008 - FIXED-LENGTH DATA ELEMENTS--GENERAL INFORMATION | |
| fixed length control field | 170711s9999 xx 000 0 und d |
| 020 ## - INTERNATIONAL STANDARD BOOK NUMBER | |
| International Standard Book Number | 9780715325483 |
| 050 ## - LIBRARY OF CONGRESS CALL NUMBER | |
| Classification number | 390 |
| 050 ## - LIBRARY OF CONGRESS CALL NUMBER | |
| Item number | M478 2008 |
| 100 ## - MAIN ENTRY--PERSONAL NAME | |
| Personal name | McCutcheon, Lauren |
| 245 #4 - TITLE STATEMENT | |
| Title | The right way : |
| 245 ## - TITLE STATEMENT | |
| Remainder of title | navigate the minefield of modern manners / |
| 245 ## - TITLE STATEMENT | |
| Statement of responsibility, etc | by Lauren McCutcheon ; introduction by AJ Jacobs. |
| 260 ## - PUBLICATION, DISTRIBUTION, ETC. (IMPRINT) | |
| Place of publication, distribution, etc | Cincinnati, Ohio : |
| 260 ## - PUBLICATION, DISTRIBUTION, ETC. (IMPRINT) | |
| Name of publisher, distributor, etc | David & Charles, |
| 260 ## - PUBLICATION, DISTRIBUTION, ETC. (IMPRINT) | |
| Date of publication, distribution, etc | 2006 |
| 300 ## - PHYSICAL DESCRIPTION | |
| Extent | 127 pages : |
| 300 ## - PHYSICAL DESCRIPTION | |
| Other physical details | illustrations (some colored) ; |
| 300 ## - PHYSICAL DESCRIPTION | |
| Dimensions | 19cm. |
| 500 ## - GENERAL NOTE | |
| General note | Includes index. |
| 650 ## - SUBJECT ADDED ENTRY--TOPICAL TERM | |
| Topical term or geographic name as entry element | Etiquette. |
| 650 ## - SUBJECT ADDED ENTRY--TOPICAL TERM | |
| Topical term or geographic name as entry element | Manners and customs. |
| 700 ## - ADDED ENTRY--PERSONAL NAME | |
| Personal name | McCutcheon, Lauren. |
| 700 ## - ADDED ENTRY--PERSONAL NAME | |
| Personal name | Title. |
No items available.